Conquering Math Anxiety (Record no. 543571)

000 -LEADER
fixed length control field 00414nam a22001577a 4500
020 ## - INTERNATIONAL STANDARD BOOK NUMBER
International Standard Book Number 0-534-38634-2
082 ## - DEWEY DECIMAL CLASSIFICATION NUMBER
Classification number 5610.19
Author Mark ARE
-- N-1, P-146
100 ## - MAIN ENTRY--PERSONAL NAME
Personal name Arem, Cynthia
9 (RLIN) 38972
245 ## - TITLE STATEMENT
Title Conquering Math Anxiety
250 ## - EDITION STATEMENT
Edition statement 2nd ed.
260 ## - PUBLICATION, DISTRIBUTION, ETC.
Place of publication, distribution, etc. Canda
Name of publisher, distributor, etc. Thomson Learning
300 ## - PHYSICAL DESCRIPTION
Extent xxiv, 193, :
Other physical details ill, :
Dimensions 10 Cm
526 ## - STUDY PROGRAM INFORMATION NOTE
Program name 0
Interest level 0
Reading level 0
Title point value 5610_190000000000000_ARE
650 ## - SUBJECT ADDED ENTRY--TOPICAL TERM
Topical term or geographic name entry element NUST
9 (RLIN) 6342
942 ## - ADDED ENTRY ELEMENTS (KOHA)
Source of classification or shelving scheme
Koha item type Book
Holdings
Withdrawn status Lost status Source of classification or shelving scheme Damaged status Not for loan Permanent Location Current Location Date acquired Total Checkouts Full call number Barcode Date last seen Price effective from Koha item type
          Military College of Engineering (MCE) Military College of Engineering (MCE) 03/26/2014   5610.19 ARE MCE-38290 03/26/2014 03/26/2014 Book
© 2023 Central Library, National University of Sciences and Technology. All Rights Reserved.